Eastern Utah Libraries Catalog: Duchesne, Heber, Roosevelt, & Vernal

Falcon vs. hawk / (Record no. 353474)

MARC details
000 -LEADER
fixed length control field 01373nam a2200349 i 4500
001 - CONTROL NUMBER
control field 2178183
003 - CONTROL NUMBER IDENTIFIER
control field IlBcCP
005 - DATE AND TIME OF LATEST TRANSACTION
control field 20260127133839.0
008 - FIXED-LENGTH DATA ELEMENTS--GENERAL INFORMATION
fixed length control field 260127s2020 nyua b 001 0 eng
020 ## - INTERNATIONAL STANDARD BOOK NUMBER
International Standard Book Number 1536465275
020 ## - INTERNATIONAL STANDARD BOOK NUMBER
International Standard Book Number 9781338320268
020 ## - INTERNATIONAL STANDARD BOOK NUMBER
International Standard Book Number 9781536465273
040 ## - CATALOGING SOURCE
Description conventions rda
Transcribing agency IlBcCP
Language of cataloging eng
082 14 - DEWEY DECIMAL CLASSIFICATION NUMBER
Classification number 598.9
Edition number 23
100 1# - MAIN ENTRY--PERSONAL NAME
Personal name Pallotta, Jerry.,
Relator term author.
9 (RLIN) 25423
245 10 - TITLE STATEMENT
Title Falcon vs. hawk /
Statement of responsibility, etc Jerry Pallotta ; illustrated by Rob Bolster.
264 #1 - Production, Publication, Distribution, Manufacture, and Copyright Notice.
Place of production, publication, distribution, manufacture New York, NY :
Name of producer, publisher, distributor, manufacturer Scholastic, Incorporated,
Date of production, publication, distribution, manufacture, or copyr 2020.
300 ## - PHYSICAL DESCRIPTION
Extent 32 pages :
Other physical details color illustrations ;
Dimensions 24 cm.
336 ## - Content Type
Content type term text
337 ## - Media type
Media type term unmediated
338 ## - Carrier type
Carrier type term volume
490 1# - SERIES STATEMENT
Series statement Who would win
504 ## - BIBLIOGRAPHY, ETC. NOTE
Bibliography, etc Includes bibliographical references (pages 23) and index.
520 ## - SUMMARY, ETC.
Summary, etc This nonfiction Reader compares and contrasts two ferocious birds. Readers will learn about each animal's anatomy, behavior, and more. Then compare and contrast the battling pair before finally discovering the winner!
521 2# - TARGET AUDIENCE NOTE
Target audience note 1234
Source Libraria.
521 8# - TARGET AUDIENCE NOTE
Target audience note 740
Source Lexile.
526 8# - STUDY PROGRAM INFORMATION NOTE
Program name Accelerated Reader AR
Interest level LG
Reading level 4.2
Title point value 0.5
Public note 506196.
650 #0 - SUBJECT ADDED ENTRY--TOPICAL TERM
Topical term or geographic name as entry element Hawks
Form subdivision Juvenile literature.
9 (RLIN) 5758840
650 #0 - SUBJECT ADDED ENTRY--TOPICAL TERM
Topical term or geographic name as entry element Peregrine falcon
Form subdivision Juvenile literature.
9 (RLIN) 6559830
700 1# - ADDED ENTRY--PERSONAL NAME
Personal name Bolster, Rob,
Relator term illustrator.
800 1# - SERIES ADDED ENTRY--PERSONAL NAME
Personal name Pallotta, Jerry.
Title of a work Who would win?
9 (RLIN) 5776203
Holdings
Withdrawn status Lost status Source of classification or shelving scheme Damaged status Not for loan Collection code Home library Current library Shelving location Date acquired Source of acquisition Total Checkouts Total Renewals Full call number Barcode Date last seen Date checked out Cost, replacement price Price effective from Koha item type Checked out
    Dewey Decimal Classification     Junior NonFiction Wasatch County Library Wasatch County Library Second Floor 02/02/2021 Rainbow Books 10 8 J 598.9 Pallotta 34301001710120 12/26/2025 07/17/2025 13.95 02/02/2021 BOOK  
  Long Overdue (Lost) Dewey Decimal Classification     Junior NonFiction Wasatch County Library Wasatch County Library Second Floor 03/09/2021 Penworthy 1 2 J 598.9 Pallotta 34301001314642 03/11/2021 03/11/2021 14.36 03/09/2021 BOOK 05/07/2021
This project was made possible through a grant from the Institute of Museum and Library Service administered by the Utah State Library Division.

Wasatch County Library

  • 465 East 1200 South, Heber City, Utah 84032
  • Phone 435-654-1511 | Fax 435-654-6456

Hours

  • Monday - Friday 9:30 AM - 8:00 PM
  • Saturday 9:30 AM - 1:30 PM
  • Closed Sundays and Holidays